Gnesta Municipality Quiz - Statistics

General Stats
  • This quiz has been taken 95 times
    3 since last reset
  • The average score is 2 of 10
Answer Stats
Hint Answer % Correct
Country Sweden
100%
Other Prominent Towns Björnlunda
33%
Main Town Gnesta
33%
Sports Team IFK Gnesta
33%
Municipality it originally was part of Nyköping Municipality
0%
Sister cities Saulkrasti
0%
Region Södermanland
0%
County in which it is Part of Södermanland County
0%
Other Prominent Towns Stjärnhov
0%
Railway line Western Main Line
0%
No matching quizzes found
Score Distribution
Percent of People with Each Score
Percentile by Number Answered
Your Score History
You have not taken this quiz since the last reset